000 00858nmc a2200313 a 4500
003 AR-BaBNM
005 20251128205953.0
008 258119s1996 ||||||||||||||000 | spa||
020 _a84-88155-546-8
040 _cAR-BaBNM
100 1 _aMendoza Fernández, José Julián
245 1 0 _aPara resolver en el ascensor
260 _aMadrid
_bJuegos
_bZugarto Ediciones
_c1996
300 0 _a110 p.
_bil.
490 0 _aDe mente
_vv. 26
650 4 _aJUEGO
650 4 _aJUEGOS EDUCATIVOS
650 4 _aJUEGO [METODO DE ENSENANZA]
650 4 _aMETODOS ACTIVOS
650 4 _aACTIVIDADES DE APRENDIZAJE
650 4 _aMATEMATICA
650 4 _aLOGICA
650 4 _aPRUEBAS DE INTELIGENCIA
700 1 _aUribe, Diego
_eeditor
800 1 _aPoniachik, Jaime
_edirector
800 1 _aSamoilovich, Daniel
_edirector
942 _cBK
998 _cMARTIN
999 _c13536
_d13536